000 00317nam a22001457a 4500
008 230206b ||||| |||| 00| 0 eng d
020 _a9781337282307
041 _aeng
080 _210EDITION
_a51
082 _a51LAR
100 _a20
101 _aMATEM
245 _aCOLLEGE ALGEBRA
_cLARSON R
942 _2udc
_cBK
999 _c59314
_d59314